000 00611nam a2200205Ia 4500
005 20250923144646.0
008 008 250917s9999 xx 000 0 eng d
037 _aTextual
040 _aDSWL
_beng
_cDSWL
041 _aeng
_2eng
084 _aY5927.2'N53t, N55.2
_qDSWL
245 0 _aReport of the backward classes commission
_cby Government of India
260 _aNew Delhi
_bPublication Division Govt. of India Press
_c1955
300 _a252p.
365 _aINR
_b3.37
490 _vVol. II
925 _g3.37
942 _cTEXL
_hY5927.2'N53t, N55.2
999 _c1441711
_d1441711